तीसरा घर / (Record no. 113901)

MARC details
000 -LEADER
fixed length control field 00989nam a22002777a 4500
003 - CONTROL NUMBER IDENTIFIER
control field dpl
005 - DATE AND TIME OF LATEST TRANSACTION
control field 20180724134122.0
008 - FIXED-LENGTH DATA ELEMENTS--GENERAL INFORMATION
fixed length control field 180724b xxu||||| |||| 00| 0 eng d
010 ## - LIBRARY OF CONGRESS CONTROL NUMBER
LC control number B-008981
020 ## - INTERNATIONAL STANDARD BOOK NUMBER
Terms of availability 70.00
International Standard Book Number 8186116419
035 ## - SYSTEM CONTROL NUMBER
System control number B-008981, B-008985
037 ## - SOURCE OF ACQUISITION
Source of stock number/acquisition Cen Lib/Ret
040 ## - CATALOGING SOURCE
Original cataloging agency DPL
Language of cataloging HN
Transcribing agency 0
082 ## - DEWEY DECIMAL CLASSIFICATION NUMBER
Classification number
Item number रणवी
100 ## - MAIN ENTRY--PERSONAL NAME
Personal name रणवीर सिंह राही
9 (RLIN) 54349
245 ## - TITLE STATEMENT
Title तीसरा घर /
Statement of responsibility, etc रणवीर सिंह राही
246 ## - VARYING FORM OF TITLE
Title proper/short title Teesara ghar /
Remainder of title by Ranveer Singh Rahi
260 ## - PUBLICATION, DISTRIBUTION, ETC. (IMPRINT)
Place of publication, distribution, etc जयपुर
Name of publisher, distributor, etc रचना प्रकाशन
Date of publication, distribution, etc 1999
270 ## - ADDRESS
Address 57, नाटाणी भवन
City जयपुर
Postal code 302003
300 ## - PHYSICAL DESCRIPTION
Extent 77पृ.
Dimensions 21सेमी (सजिल्द)
650 ## - SUBJECT ADDED ENTRY--TOPICAL TERM
Topical term or geographic name as entry element हिन्दी साहित्य
9 (RLIN) 54350
650 ## - SUBJECT ADDED ENTRY--TOPICAL TERM
Topical term or geographic name as entry element उपन्यास
9 (RLIN) 54351
650 ## - SUBJECT ADDED ENTRY--TOPICAL TERM
Topical term or geographic name as entry element Hindi literature
9 (RLIN) 54352
650 ## - SUBJECT ADDED ENTRY--TOPICAL TERM
Topical term or geographic name as entry element Novel
9 (RLIN) 22513
942 ## - ADDED ENTRY ELEMENTS (KOHA)
Source of classification or shelving scheme Dewey Decimal Classification
Koha item type Hindi Books
Classification part
Call number suffix रणवी
Holdings
Withdrawn status Lost status Damaged status Not for loan Home library Current library Date acquired Source of acquisition Cost, normal purchase price Total Checkouts Full call number Barcode Date last seen Copy number Cost, replacement price Price effective from Koha item type Source of classification or shelving scheme Collection code Date checked out
        Central Library Central Library 13/08/2015 Cen Lib/Ret 70.00   उ रणवी B-008981 13/08/2015 1 70.00 13/08/2015 Hindi Books      
        Shahdara Branch Shahdara Branch 24/07/2018 BPPD/PUB 70.00 1 उ रणवी B-008985 08/08/2018   70.00 24/07/2018 Hindi Books Dewey Decimal Classification Fiction 24/07/2018

© Delhi Public Library
Hit Counter
free hit counter